|
|
|
|
| LEADER |
00840cam a2200205 7i4500 |
| 001 |
0000023223 |
| 005 |
20100623090000.0 |
| 090 |
0 |
0 |
|a PHOT 380.1
|b MAL (CD)
|
| 110 |
2 |
0 |
|a Malaysia External Trade Development Corporation (MATRADE)
|
| 245 |
2 |
0 |
|a INTRADE Malaysia 2009 : Optimising Global Opportunities - Soft Launcg by Y.B Dato' Mukhriz Tun Mahathir ( 12-15 November 2009, Menara MATRADE : Kuala Lumpur ).
|
| 300 |
# |
# |
|a 31 photography:
|b col.;
|c 1CD-RW.
|
| 500 |
0 |
0 |
|a Photographs
|
| 650 |
0 |
0 |
|a Noraini Mohd Nor
|
| 650 |
0 |
0 |
|a MATRADE --
|x Photograph collection --
|x 2009
|
| 650 |
0 |
0 |
|a Siti Joana Manap
|
| 650 |
0 |
0 |
|a Zalipah Kassim
|
| 650 |
0 |
0 |
|a Fadhilah Syed Mohd Dardin, Sharifah
|
| 650 |
0 |
0 |
|a Aida Zureen Arifin
|
| 650 |
0 |
0 |
|a INTRADE Malaysia 2009 at infobooth --
|x 2009
|
| 999 |
|
|
|a PC00000633
|b Photographs
|c Photographs
|e Business Information Centre
|